[Event "Ole Holmsgaard Memorial"]
[Site "Norresundby"]
[Date "1978.10.14"]
[Round "1"]
[White "Rosell, Kaj"]
[Black "Mortensen, Erling"]
[Result "1-0"]
[WhiteElo "2343"]
[BlackElo "2401"]
[PlyCount "67"]

1. d4 Nf6 2. c4 c5 3. d5 b5 4. cxb5 a6 5. b6 d6 6. Nc3 Nbd7 7. Nf3 g6 8. a4
Nxb6 9. a5 Nbd7 10. e4 Bg7 11. Be2 O-O 12. O-O Ne8 13. Nd2 Nc7 14. Nc4 Nb5 15.
Na4 Nd4 16. Bd3 Ne5 17. Nxe5 Bxe5 18. Nb6 Ra7 19. Bh6 Re8 20. Rb1 e6 21. f4 Bh8
22. Bg5 Qc7 23. dxe6 Bxe6 24. f5 Bb3 25. Qg4 Be5 26. Qh4 Kh8 27. Rbe1 c4 28.
Bb1 c3 29. bxc3 Qxc3 30. Re3 Qxa5 31. Bf6+ Kg8 32. Qxh7+ Kxh7 33. Rh3+ Kg8 34.
Rh8# 1-0

[Event "Ole Holmsgaard Memorial"]
[Site "Norresundby"]
[Date "1978.10.14"]
[Round "1"]
[White "Fries Nielsen, Jens Ove"]
[Black "Bentzen, Eric"]
[Result "1-0"]
[WhiteElo "2404"]
[BlackElo "2219"]
[PlyCount "143"]

1. Nf3 f5 2. g3 Nf6 3. d4 g6 4. c3 Bg7 5. Bg2 O-O 6. O-O c6 7. Nbd2 Kh8 8. Re1
d5 9. Ne5 Nbd7 10. Nd3 e5 11. dxe5 Ng4 12. Nf3 Ngxe5 13. Nfxe5 Nxe5 14. Nxe5
Bxe5 15. Be3 Qd6 16. Bd4 b6 17. a4 Bb7 18. a5 c5 19. Bxe5+ Qxe5 20. e3 Rfd8 21.
Qb3 Qc7 22. Red1 c4 23. Qb4 Qd6 24. Qxd6 Rxd6 25. Rd2 b5 26. Kf1 Rad8 27. Rd4
Kg7 28. Ke2 Kf6 29. Kd2 Ke6 30. Kc2 Ke5 31. b4 a6 32. Rad1 Bc6 33. Kd2 Bb7 34.
Ke2 Bc6 35. R1d2 Bb7 36. g4 fxg4 37. Rxg4 Bc8 38. Rh4 h5 39. Bh3 Bxh3 40. Rxh3
Rf6 41. Rg3 Rg8 42. Rd1 Rf5 43. h4 Kf6 44. f3 Re8 45. Rdg1 Rg8 46. Rd1 Re8 47.
Rdg1 Rg8 48. Rg5 Rg7 49. Kf2 Kf7 50. f4 Kf6 51. Kf3 Rxg5 52. Rxg5 Rd7 53. f5
gxf5 54. Kf4 Rh7 55. Rxf5+ Ke6 56. Re5+ Kd6 57. Rf5 Ke6 58. e4 dxe4 59. Kxe4
Rh8 60. Rg5 Kf6 61. Rc5 Re8+ 62. Kf4 Re6 63. Rxh5 Kg6 64. Rg5+ Kh6 65. Rd5 Kg6
66. Rd7 Rf6+ 67. Ke5 Rf3 68. Rd6+ Kf7 69. Rxa6 Rxc3 70. Ra7+ Kg6 71. Rb7 Rf3
72. Rb6+ 1-0

[Event "Ole Holmsgaard Memorial"]
[Site "Norresundby"]
[Date "1978.10.15"]
[Round "2"]
[White "Bjerring, Kai"]
[Black "Brinck Claussen, Bjorn"]
[Result "0-1"]
[WhiteElo "2325"]
[BlackElo "2410"]
[PlyCount "64"]

1. e4 e5 2. Nf3 Nc6 3. d4 exd4 4. Nxd4 Bc5 5. Be3 Qf6 6. c3 Nge7 7. g3 d5 8.
Bg2 Bxd4 9. cxd4 dxe4 10. Nc3 O-O 11. Nxe4 Qg6 12. O-O Nb4 13. Nc3 c6 14. a3
Nbd5 15. Qd2 Qh5 16. Rfe1 Bh3 17. Bh1 Rad8 18. Bf4 f6 19. Bc7 Rd7 20. Ba5 Bg4
21. Bb4 Rfd8 22. Bxe7 Nxe7 23. Qe3 Nf5 24. Qe6+ Kf8 25. Qc4 Nxd4 26. Re4 b5 27.
Qf1 Nb3 28. Rxg4 Qxg4 29. Re1 Nd2 30. Qg2 Rd6 31. f3 Qd4+ 32. Qf2 Re8 0-1

[Event "Ole Holmsgaard Memorial"]
[Site "Norresundby"]
[Date "1978.10.15"]
[Round "2"]
[White "Kristiansen, Jens"]
[Black "Rosell, Kaj"]
[Result "1/2-1/2"]
[WhiteElo "2397"]
[BlackElo "2343"]
[PlyCount "56"]

1. e4 e5 2. Nf3 Nc6 3. Bb5 Nf6 4. O-O Nxe4 5. d4 Nd6 6. Bxc6 dxc6 7. dxe5 Nf5
8. Qxd8+ Kxd8 9. Nc3 h6 10. b3 Be6 11. Bb2 g5 12. Ne2 c5 13. c4 b6 14. h3 Kc8
15. g4 Ne7 16. Ng3 Kb7 17. Kg2 Ng6 18. Nh5 Rg8 19. Kg3 Be7 20. Ng1 a6 21. Ne2
Rad8 22. Rad1 Bc8 23. f4 gxf4+ 24. Nexf4 Bh4+ 25. Kf3 Nxf4 26. Nxf4 Bd7 27. Ke4
Bg5 28. Nd5 Be6 1/2-1/2

[Event "Ole Holmsgaard Memorial"]
[Site "Norresundby"]
[Date "1978.10.15"]
[Round "2"]
[White "Mortensen, Erling"]
[Black "Fries Nielsen, Jens Ove"]
[Result "0-1"]
[WhiteElo "2401"]
[BlackElo "2404"]
[PlyCount "82"]

1. e4 d6 2. d4 Nf6 3. Nc3 g6 4. Bg5 Bg7 5. f4 h6 6. Bh4 c5 7. e5 Nh5 8. dxc5
Nxf4 9. exd6 g5 10. Bf2 Nc6 11. Qd2 O-O 12. Nge2 Ng6 13. O-O-O exd6 14. cxd6
Qf6 15. Bc5 Bg4 16. h3 Bd7 17. Ng3 Nf4 18. Nge4 Qe5 19. Bf2 Bf5 20. Nc5 Nb4 21.
Qd4 Qxd4 22. Bxd4 Bxd4 23. Rxd4 Nxc2 24. Rd2 b6 25. g3 bxc5 26. gxf4 Nd4 27.
fxg5 hxg5 28. Nb5 Be4 29. Rg1 Nf3 30. Rg4 f5 31. Rgg2 Nxd2 32. Rxg5+ Kf7 33.
Kxd2 Kf6 34. Rg3 Rfd8 35. Rc3 a6 36. Na3 Rxd6+ 37. Ke3 Rg8 38. Rxc5 Rg3+ 39.
Kf2 f4 40. Nc4 Rd1 41. Re5 Rf3+ 0-1

[Event "Ole Holmsgaard Memorial"]
[Site "Norresundby"]
[Date "1978.10.15"]
[Round "2"]
[White "Sorensen, Bent"]
[Black "Bentzen, Eric"]
[Result "1/2-1/2"]
[WhiteElo "2262"]
[BlackElo "2219"]
[PlyCount "51"]

1. Nf3 f5 2. d4 Nf6 3. g3 g6 4. Bg2 Bg7 5. O-O O-O 6. c4 c6 7. Nc3 d6 8. d5 e5
9. dxe6 Bxe6 10. b3 Na6 11. Ng5 Qe7 12. Ba3 Rfd8 13. Qc2 Rd7 14. Rae1 Ng4 15.
Nxe6 Qxe6 16. Nd5 Re8 17. Nf4 Qf7 18. e4 fxe4 19. Bh3 Ne5 20. Bxd7 Nf3+ 21. Kh1
Qxd7 22. Rxe4 Rxe4 23. Qxe4 Nd2 24. Qd3 Nxf1 25. Qxf1 Nc7 26. Qd3 1/2-1/2

[Event "Ole Holmsgaard Memorial"]
[Site "Norresundby"]
[Date "1978.10.16"]
[Round "3"]
[White "Fries Nielsen, Jens Ove"]
[Black "Kristiansen, Jens"]
[Result "1/2-1/2"]
[WhiteElo "2404"]
[BlackElo "2397"]
[PlyCount "113"]

1. Nf3 Nf6 2. b3 g6 3. Bb2 Bg7 4. e3 O-O 5. Be2 c5 6. c4 Nc6 7. O-O b6 8. d4
cxd4 9. Nxd4 Bb7 10. Bf3 Rc8 11. Nc3 Qc7 12. Rc1 Ne5 13. Bxb7 Qxb7 14. Qe2 d5
15. cxd5 Nxd5 16. Nxd5 Qxd5 17. Ba3 Qb7 18. f4 Nd7 19. Qf3 Qa6 20. Rxc8 Rxc8
21. Bxe7 Re8 22. Bd6 Qxa2 23. f5 Nf6 24. fxg6 hxg6 25. Nc6 Qxb3 26. Ne7+ Kh7
27. Qh3+ Nh5 28. g4 Qe6 29. Ba3 Bf8 30. Nxg6 Qxg6 31. Bxf8 Rxf8 32. Rf5 Kg7 33.
Qxh5 Qxh5 34. Rxh5 Rb8 35. Kf1 b5 36. Ke1 a5 37. Kd2 a4 38. Kc2 b4 39. Ra5 b3+
40. Kb2 Rb4 41. h3 {Hemmeligt traek/sealed move.} 41... Kg6 42. Kb1 f6 43. Kb2
Re4 44. Ka3 Rxe3 45. Rxa4 Rxh3 46. Rf4 Rc3 47. Kb2 Rc6 48. Kxb3 Kg5 49. Rd4 Rc1
50. Kb2 Rg1 51. Kc2 Rxg4 52. Rd1 Re4 53. Kd3 f5 54. Rg1+ Kf6 55. Rf1 Re7 56.
Kd4 Kg5 57. Rg1+ 1/2-1/2

[Event "Ole Holmsgaard Memorial"]
[Site "Norresundby"]
[Date "1978.10.16"]
[Round "3"]
[White "Brinck Claussen, Bjorn"]
[Black "Sorensen, Bent"]
[Result "0-1"]
[WhiteElo "2410"]
[BlackElo "2262"]
[PlyCount "52"]

1. d4 d5 2. c4 c6 3. Nf3 Nf6 4. Nc3 e6 5. Bg5 dxc4 6. e4 b5 7. a4 Qb6 8. Bxf6
gxf6 9. Be2 Bb7 10. O-O Bb4 11. axb5 cxb5 12. d5 a6 13. dxe6 fxe6 14. e5 Nd7
15. exf6 O-O-O 16. Qc2 Nxf6 17. b3 Bxc3 18. Qxc3 Nd5 19. Qe5 Qc7 20. bxc4 Nf4
21. Qe3 Rhg8 22. cxb5 Nxg2 23. Qxe6+ Kb8 24. Kh1 Nf4 25. Qb3 Bd5 26. Qe3 Rge8
0-1

[Event "Ole Holmsgaard Memorial"]
[Site "Norresundby"]
[Date "1978.10.16"]
[Round "3"]
[White "Bentzen, Eric"]
[Black "Mortensen, Erling"]
[Result "1-0"]
[WhiteElo "2219"]
[BlackElo "2401"]
[PlyCount "71"]

1. d4 Nf6 2. Nf3 c5 3. d5 b5 4. a4 Bb7 5. c4 a6 6. axb5 axb5 7. Rxa8 Bxa8 8.
Nc3 Qa5 9. Nd2 e6 10. e4 d6 11. Bd3 b4 12. Ne2 Nbd7 13. O-O e5 14. f4 Be7 15.
Nf3 O-O 16. Ng3 Qd8 17. Nf5 Ne8 18. fxe5 dxe5 19. Qe1 Nd6 20. Nxd6 Bxd6 21. Qg3
Kh8 22. Ng5 Nf6 23. Qh4 h6 24. Rf5 Bb7 25. Nf3 Bc8 26. Rxe5 Bxe5 27. Nxe5 Qe8
28. Nc6 Ng4 29. e5 f5 30. Bf4 Bd7 31. Ne7 Rf7 32. Ng6+ Kh7 33. h3 Kxg6 34. hxg4
Re7 35. e6 Rxe6 36. gxf5+ 1-0

[Event "Ole Holmsgaard Memorial"]
[Site "Norresundby"]
[Date "1978.10.17"]
[Round "4"]
[White "Bjerring, Kai"]
[Black "Fries Nielsen, Jens Ove"]
[Result "1-0"]
[WhiteElo "2325"]
[BlackElo "2404"]
[PlyCount "81"]

1. e4 d6 2. d4 Nf6 3. Nc3 g6 4. f3 c6 5. Be3 Nbd7 6. Qd2 b5 7. Bd3 Bb7 8. Nge2
Bg7 9. O-O O-O 10. Nd1 e5 11. c3 d5 12. Nf2 a6 13. Rae1 Qc7 14. Bh6 dxe4 15.
Bxe4 Rad8 16. Qg5 Bxh6 17. Qxh6 Kh8 18. Qh4 Rde8 19. Nd3 Qd8 20. dxe5 Nxe5 21.
Nxe5 Rxe5 22. Rd1 Qe7 23. Ng3 Ng8 24. Qxe7 Rxe7 25. Rd6 Rc7 26. f4 f5 27. Bf3
Nf6 28. Re1 Kg7 29. h4 Kf7 30. h5 Ne8 31. Rde6 Ng7 32. R6e5 Bc8 33. h6 Ne6 34.
Ne2 Rd8 35. Kh2 Rd2 36. Kg3 Rxb2 37. Nd4 Nxd4 38. cxd4 Rd2 39. d5 c5 40. Re8 c4
41. Rh8 1-0

[Event "Ole Holmsgaard Memorial"]
[Site "Norresundby"]
[Date "1978.10.17"]
[Round "4"]
[White "Brinck Claussen, Bjorn"]
[Black "Rosell, Kaj"]
[Result "1/2-1/2"]
[WhiteElo "2410"]
[BlackElo "2343"]
[PlyCount "43"]

1. d4 g6 2. c4 Bg7 3. e4 d6 4. Nf3 e5 5. Be2 Bg4 6. Be3 Nc6 7. d5 Bxf3 8. Bxf3
Nd4 9. h4 h5 10. Nc3 c5 11. g3 Nf6 12. a3 O-O 13. O-O Kh7 14. Rb1 Bh6 15. b4 b6
16. Bg2 Ng4 17. Qd3 Rb8 18. bxc5 bxc5 19. Rxb8 Qxb8 20. Rb1 Qc7 21. Nb5 Qe7 22.
Nc3 1/2-1/2

[Event "Ole Holmsgaard Memorial"]
[Site "Norresundby"]
[Date "1978.10.17"]
[Round "4"]
[White "Kristiansen, Jens"]
[Black "Bentzen, Eric"]
[Result "1/2-1/2"]
[WhiteElo "2397"]
[BlackElo "2219"]
[PlyCount "75"]

1. e4 e5 2. Nf3 Nc6 3. Bb5 d6 4. d4 Bd7 5. Nc3 exd4 6. Nxd4 g6 7. O-O Bg7 8.
Bxc6 bxc6 9. Re1 Ne7 10. Bf4 c5 11. Nf3 f6 12. Qd3 O-O 13. Rad1 Be6 14. h3 Nc6
15. Nd5 Ne5 16. Qe2 Qb8 17. b3 Qb7 18. Bc1 Rae8 19. Nxe5 fxe5 20. Be3 Rf7 21.
f3 Rb8 22. Qd3 Bd7 23. Rb1 a5 24. a4 Ra8 25. Bd2 Be6 26. Nc3 Qc8 27. Kh2 Qd8
28. Qe3 Rf4 29. g3 Rf7 30. Rf1 Qd7 31. h4 c4 32. Nd5 Qc6 33. bxc4 Qxc4 34. Qd3
Qxa4 35. Ra1 Qc6 36. Rxa5 Rxa5 37. Bxa5 Qc5 38. Bd2 1/2-1/2

[Event "Ole Holmsgaard Memorial"]
[Site "Norresundby"]
[Date "1978.10.17"]
[Round "4"]
[White "Sorensen, Bent"]
[Black "Mortensen, Erling"]
[Result "0-1"]
[WhiteElo "2262"]
[BlackElo "2401"]
[PlyCount "72"]

1. g3 Nf6 2. Bg2 e5 3. d3 d5 4. Nf3 Nbd7 5. O-O Be7 6. Nbd2 O-O 7. e4 dxe4 8.
dxe4 c6 9. Qe2 Qc7 10. b3 a5 11. a4 b6 12. Bb2 Ba6 13. Nc4 Rfe8 14. Rfd1 Bc5
15. Nh4 b5 16. axb5 cxb5 17. Ne3 b4 18. Qd2 Bxe3 19. fxe3 Nc5 20. Qd6 Qxd6 21.
Rxd6 Bb7 22. Rb6 Bxe4 23. Rb5 Bxg2 24. Nxg2 Nfe4 25. Ne1 f6 26. Rd1 Red8 27.
Nd3 a4 28. bxa4 b3 29. Rc1 Nxd3 30. cxd3 Rxd3 31. Rb7 Ng5 32. Rcc7 Rd1+ 33. Kf2
Rd2+ 34. Ke1 Rxb2 35. Rxg7+ Kh8 36. h4 Rxa4 0-1

[Event "Ole Holmsgaard Memorial"]
[Site "Norresundby"]
[Date "1978.10.18"]
[Round "5"]
[White "Fries Nielsen, Jens Ove"]
[Black "Brinck Claussen, Bjorn"]
[Result "1-0"]
[WhiteElo "2404"]
[BlackElo "2410"]
[PlyCount "107"]

1. e4 e5 2. Nf3 Nc6 3. d4 exd4 4. c3 dxc3 5. Nxc3 Bb4 6. Bc4 d6 7. O-O Bxc3 8.
bxc3 Bg4 9. Qb3 Bxf3 10. Bxf7+ Kf8 11. Bxg8 Rxg8 12. gxf3 Ne5 13. f4 Nf3+ 14.
Kg2 Nh4+ 15. Kh1 Qd7 16. c4 Qg4 17. Qg3 Qf3+ 18. Qxf3 Nxf3 19. Rb1 b6 20. Rb3
Nd4 21. Rd3 Ne6 22. Rh3 h6 23. f5 Nc5 24. f3 Kf7 25. Rg1 Nd3 26. Be3 Ne5 27.
Bd4 c5 28. Bc3 Nxc4 29. Rhg3 a5 30. Rxg7+ Rxg7 31. Rxg7+ Kf8 32. Rh7 Re8 33.
Rxh6 b5 34. Rh8+ Kf7 35. Rh7+ Kg8 36. Rg7+ Kf8 37. Rb7 b4 38. Bg7+ Kg8 39. f6
Ne5 40. f4 Nf7 41. Re7 {Hemmeligt traek/sealed move.} 41... Rd8 42. e5 dxe5 43.
fxe5 Nxe5 44. Rxe5 c4 45. Rxa5 Kh7 46. Rc5 c3 47. h4 Rd1+ 48. Kg2 Rd2+ 49. Kf3
Rxa2 50. h5 Ra8 51. Rc7 b3 52. Bf8+ Kh8 53. Bb4 c2 54. f7 1-0

[Event "Ole Holmsgaard Memorial"]
[Site "Norresundby"]
[Date "1978.10.18"]
[Round "5"]
[White "Rosell, Kaj"]
[Black "Sorensen, Bent"]
[Result "0-1"]
[WhiteElo "2343"]
[BlackElo "2262"]
[PlyCount "94"]

1. c4 e6 2. Nc3 d5 3. d4 c6 4. Nf3 Nf6 5. cxd5 cxd5 6. Bf4 Bd6 7. Bxd6 Qxd6 8.
e3 O-O 9. Bd3 Nc6 10. O-O Bd7 11. Rc1 Rfd8 12. h3 Rac8 13. Qe2 e5 14. Nb5 Qe7
15. dxe5 Nxe5 16. Nbd4 Nxf3+ 17. Qxf3 Qe5 18. Rfd1 h6 19. Bc2 Rc7 20. Bb3 Rdc8
21. Rxc7 Rxc7 22. Qe2 Qg5 23. Nf3 Qg6 24. Ne5 Qe4 25. Nxd7 Rxd7 26. Rd4 Qb1+
27. Rd1 Qe4 28. Qd2 Qe5 29. Qd4 Qxd4 30. Rxd4 Kf8 31. Kf1 Ke7 32. Rd1 Kd6 33.
Rc1 Rc7 34. Rxc7 Kxc7 35. e4 dxe4 36. Bxf7 Kd6 37. Ke2 Ke5 38. g3 Kd4 39. Bb3
Nd7 40. Bc2 Ne5 41. Kd2 Nc4+ 42. Ke2 Nxb2 43. f3 e3 44. f4 b5 45. g4 Na4 46. a3
Nc3+ 47. Kf3 Nd5 0-1

[Event "Ole Holmsgaard Memorial"]
[Site "Norresundby"]
[Date "1978.10.18"]
[Round "5"]
[White "Mortensen, Erling"]
[Black "Kristiansen, Jens"]
[Result "1/2-1/2"]
[WhiteElo "2401"]
[BlackElo "2397"]
[PlyCount "65"]

1. e4 c5 2. Nf3 e6 3. Nc3 d6 4. d4 cxd4 5. Nxd4 Nf6 6. Be2 Be7 7. O-O Nc6 8.
Be3 O-O 9. f4 Bd7 10. Nb3 a6 11. a4 b6 12. Qd2 Qc7 13. g4 d5 14. exd5 Nxd5 15.
Nxd5 exd5 16. c3 Rad8 17. Bf3 Na5 18. Nxa5 bxa5 19. Bd4 Bc5 20. Rfd1 Rb8 21.
Qf2 Rfc8 22. f5 h5 23. h3 hxg4 24. hxg4 Qf4 25. Bxc5 Rxc5 26. Rd4 Qg5 27. Re1
Rc4 28. Rxc4 dxc4 29. Qd4 Qh4 30. Re2 Qg3+ 31. Bg2 Bc6 32. Qe5 Qxe5 33. Rxe5
1/2-1/2

[Event "Ole Holmsgaard Memorial"]
[Site "Norresundby"]
[Date "1978.10.18"]
[Round "5"]
[White "Bentzen, Eric"]
[Black "Bjerring, Kai"]
[Result "1/2-1/2"]
[WhiteElo "2219"]
[BlackElo "2325"]
[PlyCount "51"]

1. d4 Nf6 2. Nf3 c5 3. d5 e6 4. c4 exd5 5. cxd5 d6 6. Nc3 g6 7. g3 Bg7 8. Bg2
O-O 9. O-O Na6 10. Nd2 Nc7 11. Nc4 Nfe8 12. a4 b6 13. Qc2 Ba6 14. b3 Qe7 15.
Bd2 Nf6 16. Bf4 Bxc4 17. bxc4 Nd7 18. Ra3 Ne5 19. Nb5 Na6 20. Rb3 Nb4 21. Qc1
a6 22. Nd4 Na2 23. Qc2 Nb4 24. Qc1 Na2 25. Qc2 Nb4 26. Qc1 1/2-1/2

[Event "Ole Holmsgaard Memorial"]
[Site "Norresundby"]
[Date "1978.10.19"]
[Round "6"]
[White "Rosell, Kaj"]
[Black "Fries Nielsen, Jens Ove"]
[Result "1/2-1/2"]
[WhiteElo "2343"]
[BlackElo "2404"]
[PlyCount "34"]

1. c4 Nf6 2. Nc3 d5 3. cxd5 Nxd5 4. Nf3 Nxc3 5. bxc3 g6 6. d4 Bg7 7. e3 O-O 8.
Bc4 c5 9. O-O Qc7 10. Qe2 Bg4 11. Bb3 Nc6 12. h3 Bxf3 13. Qxf3 Na5 14. Ba3 Nxb3
15. axb3 cxd4 16. cxd4 Rfe8 17. Rfc1 Qd7 1/2-1/2

[Event "Ole Holmsgaard Memorial"]
[Site "Norresundby"]
[Date "1978.10.19"]
[Round "6"]
[White "Sorensen, Bent"]
[Black "Kristiansen, Jens"]
[Result "0-1"]
[WhiteElo "2262"]
[BlackElo "2397"]
[PlyCount "87"]

1. c4 g6 2. Nc3 Bg7 3. g3 e5 4. Bg2 d6 5. e3 f5 6. Nge2 Nf6 7. d4 O-O 8. O-O c6
9. b4 e4 10. b5 Be6 11. bxc6 bxc6 12. Qa4 Qc7 13. f3 Nbd7 14. fxe4 Nb6 15. Qc2
Nxe4 16. Nxe4 fxe4 17. Rxf8+ Rxf8 18. Qxe4 Bxc4 19. Nf4 d5 20. Qe6+ Qf7 21. a4
Re8 22. Qxf7+ Kxf7 23. Bh3 c5 24. a5 Nc8 25. Rb1 cxd4 26. Rb7+ Kg8 27. Bb2 Nd6
28. Rxa7 Nb5 29. Rd7 Nc3 30. Ne6 Bf6 31. exd4 Ne2+ 32. Kf2 Rb8 33. Ba3 Nxd4 34.
Kg2 Rb1 35. Kf2 Ra1 36. Bb2 Ra2 37. Nxd4 Bxd4+ 38. Kf3 Bxb2 39. Be6+ Kh8 40.
Bxd5 Bxd5+ 41. Rxd5 Bc3 42. h4 Rxa5 43. Rd8+ Kg7 44. Rd7+ 0-1

[Event "Ole Holmsgaard Memorial"]
[Site "Norresundby"]
[Date "1978.10.19"]
[Round "6"]
[White "Bjerring, Kai"]
[Black "Mortensen, Erling"]
[Result "1/2-1/2"]
[WhiteElo "2325"]
[BlackElo "2401"]
[PlyCount "85"]

1. e4 c5 2. Nf3 e6 3. d4 cxd4 4. Nxd4 Nf6 5. Nc3 d6 6. g4 h6 7. g5 hxg5 8. Bxg5
Nc6 9. Qd2 Qb6 10. Nb3 a6 11. O-O-O Qc7 12. h4 b5 13. Bg2 Bb7 14. Qe2 Be7 15.
h5 O-O-O 16. Be3 Ne5 17. f4 Nc4 18. Bd4 e5 19. fxe5 dxe5 20. Bf2 Rxd1+ 21. Qxd1
Kb8 22. Qe2 Rc8 23. Rh3 b4 24. Na4 Nd7 25. Kb1 Qc6 26. Nac5 Nxc5 27. Bxc5 Qb5
28. Bf1 Rxc5 29. Nxc5 Nd2+ 30. Kc1 Nxf1 31. Qxb5 axb5 32. Nd7+ Kc7 33. Nxe5 f6
34. Ng6 Bd6 35. Rf3 Ng3 36. Rxf6 gxf6 37. h6 Bxe4 38. h7 Bxg6 39. h8=Q Bf4+ 40.
Kb1 Be4 41. Qxf6 Bd6 42. Qf7+ Kc6 43. Qe8+ 1/2-1/2

[Event "Ole Holmsgaard Memorial"]
[Site "Norresundby"]
[Date "1978.10.19"]
[Round "6"]
[White "Brinck Claussen, Bjorn"]
[Black "Bentzen, Eric"]
[Result "1-0"]
[WhiteElo "2410"]
[BlackElo "2219"]
[PlyCount "105"]

1. d4 f5 2. g3 Nf6 3. Bg2 g6 4. c4 Bg7 5. Nc3 O-O 6. Nf3 d6 7. O-O c6 8. d5 e5
9. dxe6 Bxe6 10. Qd3 Na6 11. Bf4 Ne4 12. Nxe4 fxe4 13. Qxe4 Nc5 14. Qc2 Bf5 15.
Qd1 Bxb2 16. Bxd6 Qb6 17. Bxf8 Rxf8 18. Rb1 Bxb1 19. Qxb1 Re8 20. Qc2 Ne4 21.
e3 Bg7 22. Nd4 Nc5 23. h4 Ne6 24. Nxe6 Rxe6 25. Rb1 Qc7 26. Qb3 Re7 27. Bh3 Be5
28. Kg2 Kf8 29. Rd1 Bd6 30. Qd3 Bc5 31. h5 Kg7 32. hxg6 hxg6 33. Bg4 Qe5 34.
Bf3 Bb6 35. Qc2 Bc5 36. Rd3 Qe6 37. Rb3 Qe5 38. Qd2 Rf7 39. Qb2 Qxb2 40. Rxb2
Rd7 41. Bg4 Re7 42. Kf3 Bb6 43. Bc8 Rf7+ 44. Ke2 Rc7 45. c5 Bxc5 46. Rxb7 Bb6
47. Rxc7+ Bxc7 48. f4 Ba5 49. Bb7 c5 50. Bd5 Kf6 51. Bc4 Kg7 52. e4 g5 53. Kf3
1-0

[Event "Ole Holmsgaard Memorial"]
[Site "Norresundby"]
[Date "1978.10.20"]
[Round "7"]
[White "Kristiansen, Jens"]
[Black "Bjerring, Kai"]
[Result "1/2-1/2"]
[WhiteElo "2397"]
[BlackElo "2325"]
[PlyCount "80"]

1. e4 e6 2. d4 d5 3. Nd2 Nf6 4. e5 Nfd7 5. f4 c5 6. c3 Nc6 7. Ndf3 Qa5 8. dxc5
Qxc5 9. Ne2 Qb6 10. Ned4 Nc5 11. Be2 Be7 12. O-O f5 13. Qc2 Bd7 14. Be3 Rc8 15.
b4 Ne4 16. Nxf5 Nxb4 17. Qb2 Bc5 18. N3d4 exf5 19. cxb4 Qxb4 20. Qxb4 Bxb4 21.
e6 Bc6 22. Nxf5 g6 23. Nd4 Ke7 24. Bg4 Bd2 25. Bxd2 Nxd2 26. Rfe1 Ne4 27. Rab1
Nd6 28. Bf3 Rhf8 29. g3 Rc7 30. Re5 Nc4 31. Re2 Rf6 32. h4 h5 33. Bg2 Nd6 34.
Re5 Nf5 35. Nb5 Bxb5 36. Rxb5 Nxg3 37. Bxd5 Rxf4 38. Rxb7 Rxb7 39. Bxb7 Nf5 40.
Ra5 Kxe6 1/2-1/2

[Event "Ole Holmsgaard Memorial"]
[Site "Norresundby"]
[Date "1978.10.20"]
[Round "7"]
[White "Bentzen, Eric"]
[Black "Rosell, Kaj"]
[Result "0-1"]
[WhiteElo "2219"]
[BlackElo "2343"]
[PlyCount "100"]

1. d4 Nf6 2. Nf3 e6 3. g3 b6 4. Bg2 Bb7 5. O-O c5 6. c4 cxd4 7. Nxd4 Bxg2 8.
Kxg2 Be7 9. Nc3 O-O 10. e4 d6 11. b3 Qc7 12. Bb2 Nbd7 13. Qe2 a6 14. Rfd1 Rfd8
15. Rac1 Qb7 16. f3 Rab8 17. Rd2 Ne5 18. Nd1 Rbc8 19. Ne3 Ng6 20. Rcd1 Rd7 21.
Rc2 Rdc7 22. Rdc1 Bf8 23. Kf2 Ne5 24. Ba3 Ned7 25. Kg1 g6 26. Rd1 Nc5 27. Rcd2
Ne8 28. Bb2 Rb8 29. Ba1 Bh6 30. Rc2 e5 31. Nd5 exd4 32. Nxc7 Be3+ 33. Kf1 Qxc7
34. Bxd4 Bxd4 35. Rxd4 Qe7 36. Rcd2 Qf6 37. Kg2 Rb7 38. Rd5 Re7 39. Qd1 a5 40.
Qc2 Re6 41. R5d4 Qe7 42. Qb2 h6 43. b4 axb4 44. Qxb4 Nd7 45. Rd5 Ne5 46. Rb5
Rf6 47. f4 Qb7 48. Rdd5 Nd7 49. Ra5 Re6 50. Qb1 Nef6 0-1

[Event "Ole Holmsgaard Memorial"]
[Site "Norresundby"]
[Date "1978.10.20"]
[Round "7"]
[White "Mortensen, Erling"]
[Black "Brinck Claussen, Bjorn"]
[Result "1-0"]
[WhiteElo "2401"]
[BlackElo "2410"]
[PlyCount "85"]

1. e4 e6 2. d4 d5 3. Nd2 c5 4. exd5 exd5 5. Ngf3 Nc6 6. Bb5 Bd6 7. dxc5 Bxc5 8.
O-O Nge7 9. Nb3 Bd6 10. Bxc6+ bxc6 11. Qd4 O-O 12. Bf4 Bxf4 13. Qxf4 Ng6 14.
Qd4 Bf5 15. Qc3 Qd6 16. Nfd4 Bd7 17. Nc5 Rac8 18. Rfe1 Rfe8 19. Rxe8+ Bxe8 20.
Nf5 Qf8 21. Re1 Rd8 22. g3 d4 23. Nxd4 Rd5 24. b4 h5 25. Re3 f6 26. Nde6 Qd6
27. Nd3 Bf7 28. Nec5 h4 29. Qe1 hxg3 30. hxg3 Rh5 31. Qe2 Qd5 32. Re4 Rh6 33.
c4 Qg5 34. Ne6 Bxe6 35. Rxe6 Ne5 36. Re8+ Kh7 37. Kg2 Qg6 38. Rd8 Qf5 39. Nxe5
fxe5 40. Kg1 Qb1+ 41. Rd1 Qxb4 42. Qe4+ {Hemmeligt traek/sealed move.} 42...
Rg6 43. Kg2 1-0